[Event "12sen.WM-H Naumburg"]
[Site "Naumburg/Saale(20.10.-03.11.)"]
[Date "2002.10.23"]
[Round "3"]
[White "Opl, Klaus_Dr"]
[Black "Shestoperov, Alexej"]
[Result "1/2-1/2"]
[WhiteElo "2279"]
[BlackElo "2464"]
[PlyCount "171"]
[EventDate "2002.11.??"]

1. e4 c5 2. Nf3 e6 3. d4 cxd4 4. Nxd4 a6 5. Bd3 Bc5 6. Nb3 Be7 7. O-O d6 8. Nc3
Qc7 9. Be3 Nd7 10. a4 b6 11. f4 Ngf6 12. Qf3 Bb7 13. Rae1 d5 14. exd5 Nxd5 15.
Nxd5 Bxd5 16. Be4 Bxe4 17. Qxe4 O-O 18. Rf2 Nf6 19. Qf3 Rad8 20. Bd4 Rd5 21. h3
Qc6 22. Qe3 Bd8 23. Kh1 Nh5 24. Rc1 Qxa4 25. c4 Rf5 26. Be5 g5 27. Nd4 Rxf4 28.
Bxf4 Nxf4 29. Nf3 h6 30. Rd2 Qb4 31. Ne5 Be7 32. Rcd1 Qc5 33. Qe4 Nh5 34. Qe1
Qc8 35. Rd3 Re8 36. Ng4 Bf8 37. b3 Bg7 38. Rd7 f5 39. Ne5 Nf6 40. R7d3 Ne4 41.
Ng4 Nc5 42. Rd6 fxg4 43. hxg4 Nxb3 44. Qb4 Na5 45. Rxb6 Nc6 46. Qd6 Ne5 47.
Rxa6 Nxc4 48. Qd7 Qxd7 49. Rxd7 Ne5 50. Rd4 Re7 51. g3 Kf7 52. Kg2 Rb7 53. Ra2
Nc6 54. Rc4 Nb4 55. Rf2+ Ke7 56. Re2 Kd6 57. Rce4 e5 58. Rb2 Kc5 59. Rb1 Rb6
60. Re2 Rd6 61. Rc1+ Kb6 62. Rb2 Rd4 63. Rc8 e4 64. Rg8 Be5 65. Re8 Bd6 66. Re2
Rd3 67. R2xe4 Rxg3+ 68. Kf1 Kc5 69. Rc8+ Kd5 70. Rcc4 Nc6 71. Ra4 Bc5 72. Re8
Rg1+ 73. Ke2 Nd4+ 74. Kd3 Rg3+ 75. Kd2 Rxg4 76. Rd8+ Kc6 77. Ra6+ Kc7 78. Rh8
Nf5 79. Rh7+ Be7 80. Rf7 Rf4 81. Ra5 Kd7 82. Rfxf5 Bb4+ 83. Ke3 Bxa5 84. Rxf4
Bd2+ 85. Kxd2 gxf4 86. Kd3 1/2-1/2

[Event "12sen.WM-H Naumburg"]
[Site "Naumburg/Saale(20.10.-03.11.)"]
[Date "2002.10.23"]
[Round "3"]
[White "Otto, Klaus"]
[Black "Reimann, Hubert[42Merse"]
[Result "1/2-1/2"]
[WhiteElo "1652"]
[BlackElo "1941"]
[PlyCount "63"]
[EventDate "2002.11.??"]

1. e4 c5 2. Nf3 d6 3. d4 cxd4 4. Nxd4 Nf6 5. Nc3 a6 6. Be3 e5 7. Nb3 Be7 8. Be2
O-O 9. O-O Qc7 10. Bg5 Nbd7 11. Qd2 b5 12. a3 Bb7 13. f3 Rac8 14. Rac1 Rfd8 15.
Rfd1 Nb6 16. Qe3 Nc4 17. Bxc4 bxc4 18. Na1 d5 19. Qe1 d4 20. Ne2 Qb6 21. Kh1
Bc6 22. Ng3 Bd7 23. Rb1 h6 24. Bd2 Re8 25. Qf2 Bc5 26. Qe1 Rb8 27. Ba5 Qc6 28.
Bb4 Bxb4 29. axb4 Qa4 30. c3 dxc3 31. bxc3 Be6 32. Rd6 1/2-1/2

[Event "12sen.WM-H Naumburg"]
[Site "Naumburg/Saale(20.10.-03.11.)"]
[Date "2002.10.23"]
[Round "3"]
[White "Packroff, Hermann"]
[Black "Kudoke, Willy"]
[Result "1-0"]
[WhiteElo "2262"]
[BlackElo "2024"]
[PlyCount "69"]
[EventDate "2002.11.??"]

1. e4 c5 2. Nf3 Nc6 3. d4 cxd4 4. Nxd4 Nf6 5. Nc3 e6 6. Ndb5 a6 7. Nd6+ Bxd6 8.
Qxd6 Qe7 9. Qd1 h6 10. Be2 d6 11. O-O e5 12. Be3 Be6 13. Nd5 Bxd5 14. exd5 Nd8
15. c4 O-O 16. b4 a5 17. a3 axb4 18. axb4 Rxa1 19. Qxa1 Qc7 20. Rc1 b6 21. f4
Nd7 22. fxe5 dxe5 23. c5 bxc5 24. bxc5 Nf6 25. Rd1 Re8 26. Qa4 Rf8 27. h3 e4
28. d6 Qc8 29. Bb5 Ne6 30. c6 Ng5 31. Bxg5 hxg5 32. d7 Qc7 33. Qd4 Rd8 34. Kh1
Nh5 35. Qd6 1-0

[Event "12sen.WM-H Naumburg"]
[Site "Naumburg/Saale(20.10.-03.11.)"]
[Date "2002.10.23"]
[Round "3"]
[White "Pastowski, Werner"]
[Black "Kummer, Heinz"]
[Result "1/2-1/2"]
[WhiteElo "1550"]
[BlackElo "2051"]
[PlyCount "111"]
[EventDate "2002.11.??"]

1. c4 Nf6 2. Nc3 g6 3. g3 Bg7 4. Bg2 c5 5. Nf3 Nc6 6. O-O O-O 7. d3 d6 8. Be3
Ng4 9. Bd2 Bd7 10. Qc1 Rb8 11. h3 Nf6 12. Bh6 a6 13. Bxg7 Kxg7 14. e4 e6 15.
Re1 Ne5 16. Nxe5 dxe5 17. Qe3 Qc7 18. Rac1 Ng8 19. Rc2 Ne7 20. b3 b6 21. Ne2
Nc6 22. f4 Rbd8 23. Rf1 Bc8 24. Rd2 Nd4 25. Nxd4 Rxd4 26. fxe5 Qxe5 27. Qf4
Qxf4 28. Rxf4 e5 29. Rf3 Rfd8 30. Re3 Be6 31. Kf2 b5 32. cxb5 axb5 33. Bf1 c4
34. bxc4 bxc4 35. Ke1 cxd3 36. Rexd3 Rxd3 37. Rxd3 Rxd3 38. Bxd3 Bxa2 39. Kf2
h5 40. h4 Be6 41. Ke3 f5 42. exf5 Bxf5 43. Be2 Kf6 44. Bf3 Ke6 45. Be2 Kd6 46.
Bf3 Kc5 47. Be2 Be6 48. Bd3 Bf5 49. Be2 Kd5 50. Bf3+ Ke6 51. Be2 Bg4 52. Bd3
Kf6 53. Be4 g5 54. hxg5+ Kxg5 55. Bd3 Kf6 56. Bc2 1/2-1/2

[Event "12sen.WM-H Naumburg"]
[Site "Naumburg/Saale(20.10.-03.11.)"]
[Date "2002.10.23"]
[Round "3"]
[White "Piastowski, Kurt"]
[Black "Viner, Phillip"]
[Result "1/2-1/2"]
[WhiteElo "1887"]
[BlackElo "2175"]
[PlyCount "143"]
[EventDate "2002.11.??"]

1. d4 d5 2. Nf3 Nf6 3. Bf4 c5 4. c3 Qb6 5. Qc2 Nc6 6. e3 g6 7. dxc5 Qxc5 8. Bd3
Bg7 9. Nbd2 a6 10. e4 Nxe4 11. Nxe4 dxe4 12. Bxe4 Be6 13. O-O Rc8 14. Be3 Qa5
15. a3 O-O 16. Rfd1 Rfd8 17. Rxd8+ Rxd8 18. Rd1 Bc4 19. Rxd8+ Qxd8 20. Qd2 Qc7
21. Bd5 Na5 22. Be4 Bb3 23. Qd3 b5 24. Nd2 Ba2 25. g3 Nc4 26. Nxc4 Bxc4 27. Qd2
a5 28. Bd5 Qd6 29. Bxc4 bxc4 30. Qxd6 exd6 31. a4 Kf8 32. Bb6 Ke7 33. Bxa5 Bh6
34. Bb4 Bc1 35. Ba3 Kd7 36. Kf1 d5 37. Ke2 Bg5 38. Bc5 Kc6 39. Be3 Bd8 40. Kd2
Kb7 41. Kc2 Kc6 42. b4 cxb3+ 43. Kxb3 Ba5 44. Kc2 Bc7 45. Kd3 Bd8 46. Bd4 Kd6
47. f3 Ba5 48. c4 Bd8 49. Bc3 Kc5 50. cxd5 Kxd5 51. a5 Kc5 52. a6 Kc6 53. Bd4
Bc7 54. Kc4 h5 55. a7 Kb7 56. Kd5 h4 57. Be5 Bb6 58. Bb8 hxg3 59. hxg3 Bf2 60.
g4 Bh4 61. f4 Be7 62. Bd6 Bd8 63. Bc5 Ba5 64. Be3 Bb4 65. g5 Bc3 66. Bd4 Bb4
67. Bc5 Bc3 68. Ke4 Bb2 69. Bd4 Ba3 70. Ke5 Bc1 71. Bc5 Bb2+ 72. Bd4 1/2-1/2

[Event "12sen.WM-H Naumburg"]
[Site "Naumburg/Saale(20.10.-03.11.)"]
[Date "2002.10.23"]
[Round "3"]
[White "Potthammel, Joerg"]
[Black "Burreh, Heinz"]
[Result "1/2-1/2"]
[WhiteElo "2111"]
[BlackElo "1826"]
[PlyCount "146"]
[EventDate "2002.11.??"]

1. e4 e5 2. d4 exd4 3. Qxd4 Nc6 4. Qe3 b6 5. Bc4 Bc5 6. Qg3 Qf6 7. Ne2 Nge7 8.
Nbc3 Bd6 9. f4 Bc5 10. Bd2 Qg6 11. Qf3 Bb7 12. O-O-O O-O-O 13. Nd5 f5 14. e5
Nb8 15. b4 Nxd5 16. Bxd5 Bxd5 17. Qxd5 c6 18. Qd3 Be7 19. Nd4 Rhf8 20. g3 Qf7
21. c4 g6 22. Rhe1 Rfe8 23. Kb1 c5 24. bxc5 Bxc5 25. Nb3 Qe7 26. Qd5 Ba3 27. c5
Qe6 28. Be3 Qxd5 29. Rxd5 bxc5 30. Bxc5 Bxc5 31. Rxc5+ Nc6 32. Na5 Kc7 33. Rec1
Rb8+ 34. Ka1 Rb6 35. Nc4 Rb4 36. a3 Rb3 37. Ka2 Rf3 38. Rc2 Rb8 39. Na5 Rb6 40.
Nxc6 Rxc6 41. Kb2 Re3 42. R5c3 Re4 43. Kb3 Re1 44. Rxc6+ dxc6 45. Kc4 Re4+ 46.
Kd3 Re1 47. Rc3 Rd1+ 48. Ke2 Rb1 49. h3 h5 50. Kf3 a5 51. Ke3 Re1+ 52. Kd3 Rb1
53. Kc4 Re1 54. h4 Re4+ 55. Kc5 Re1 56. Rd3 Rc1+ 57. Kd4 c5+ 58. Kd5 c4 59. Rd4
c3 60. Ke6 Kb6 61. Kf7 Kc5 62. Rd8 Rb1 63. e6 Rb7+ 64. e7 Rc7 65. Kf8 c2 66.
e8=Q c1=Q 67. Qe5+ Kb6 68. Rd6+ Rc6 69. Qd4+ Ka6 70. Qd3+ Kb6 71. Qd4+ Ka6 72.
Qd3+ Kb6 73. Qd4+ Ka6 1/2-1/2

[Event "12sen.WM-H Naumburg"]
[Site "Naumburg/Saale(20.10.-03.11.)"]
[Date "2002.10.23"]
[Round "3"]
[White "Rahls, Peter"]
[Black "Hilburt, Leonid"]
[Result "1/2-1/2"]
[WhiteElo "2291"]
[BlackElo "2106"]
[PlyCount "73"]
[EventDate "2002.11.??"]

1. e4 e5 2. Nc3 Nf6 3. g3 Nc6 4. Bg2 Bc5 5. d3 d6 6. Nge2 Bg4 7. h3 Be6 8. Nd5
Bxd5 9. exd5 Ne7 10. Bg5 Nd7 11. Nc3 h6 12. Bd2 O-O 13. Qe2 f5 14. O-O-O c6 15.
f4 Bd4 16. g4 Qe8 17. Rde1 Nb6 18. dxc6 bxc6 19. Nd1 Nd7 20. c3 Bb6 21. gxf5
Rxf5 22. d4 Qf7 23. Kb1 Nd5 24. fxe5 dxe5 25. Qc4 exd4 26. Qxc6 Rd8 27. Rhf1
Nb8 28. Bxd5 Qxd5 29. Qxd5+ Rfxd5 30. cxd4 Bxd4 31. Bc3 Nc6 32. Bxd4 Rxd4 33.
Nc3 Rd2 34. Re6 R2d6 35. Re4 Rd4 36. Rfe1 Kf7 37. Re6 1/2-1/2

[Event "12sen.WM-H Naumburg"]
[Site "Naumburg/Saale(20.10.-03.11.)"]
[Date "2002.10.23"]
[Round "3"]
[White "Rauscher, Erwin"]
[Black "Wilke, Dieter_Dr"]
[Result "0-1"]
[WhiteElo "1579"]
[BlackElo "1964"]
[PlyCount "23"]
[EventDate "2002.11.??"]

1. Nf3 Nf6 2. d4 g6 3. g3 Bg7 4. Bg2 O-O 5. O-O d6 6. c4 Nbd7 7. Nc3 e5 8. e3
c6 9. Qc2 Nh5 10. b3 exd4 11. Nxd4 Nc5 12. Nce2 0-1

[Event "12sen.WM-H Naumburg"]
[Site "Naumburg/Saale(20.10.-03.11.)"]
[Date "2002.10.23"]
[Round "3"]
[White "Reznikov, Emmanouil"]
[Black "Kraft, Gerhard"]
[Result "1-0"]
[WhiteElo "2098"]
[BlackElo "1819"]
[PlyCount "53"]
[EventDate "2002.11.??"]

1. e4 e5 2. Nf3 Nf6 3. d4 Nxe4 4. Nxe5 d6 5. Nf3 d5 6. Bd3 Bd6 7. O-O O-O 8. c4
c6 9. Re1 Re8 10. Nc3 Nxc3 11. bxc3 Bg4 12. Be3 Nd7 13. h3 Bh5 14. c5 Bc7 15.
c4 Ba5 16. Rf1 Qf6 17. g4 Bg6 18. Bxg6 hxg6 19. cxd5 cxd5 20. Kg2 b6 21. Qa4
Qe6 22. Rac1 Rac8 23. Rc2 Qc6 24. Qa3 Qc7 25. Rfc1 bxc5 26. Rxc5 Nxc5 27. Rxc5
1-0

[Event "12sen.WM-H Naumburg"]
[Site "Naumburg/Saale(20.10.-03.11.)"]
[Date "2002.10.23"]
[Round "3"]
[White "Ristic, Sreten"]
[Black "Nietsch, Horst"]
[Result "0-1"]
[WhiteElo "1796"]
[BlackElo "2085"]
[PlyCount "86"]
[EventDate "2002.11.??"]

1. e4 e6 2. d4 d5 3. Nc3 Bb4 4. e5 Ne7 5. a3 Bxc3+ 6. bxc3 c5 7. Bb5+ Nbc6 8.
a4 Bd7 9. Nf3 a6 10. Bxc6 Bxc6 11. O-O Qd7 12. a5 Bb5 13. Re1 cxd4 14. cxd4 O-O
15. h4 Rac8 16. Ba3 Rc6 17. Bc5 Rfc8 18. Re3 Nf5 19. Rb3 Qd8 20. h5 Kh8 21. g4
Nh6 22. Nh2 Qg5 23. Kg2 f5 24. exf6 gxf6 25. Qf3 f5 26. Qe3 Qxe3 27. Rxe3 fxg4
28. Re5 Nf7 29. Re3 Rg8 30. Rae1 e5 31. Rg3 e4 32. Nxg4 Rg5 33. f3 Re6 34. f4
Rxh5 35. Bf8 Rg6 36. Ne3 Kg8 37. Be7 Nh6 38. Bg5 Nf7 39. Nf5 Kf8 40. c4 Nxg5
41. fxg5 Rhxg5 42. Rxg5 Rxg5+ 43. Ng3 dxc4 0-1

[Event "12sen.WM-H Naumburg"]
[Site "Naumburg/Saale(20.10.-03.11.)"]
[Date "2002.10.23"]
[Round "3"]
[White "Roettger, Johann"]
[Black "Keze, Arnis"]
[Result "0-1"]
[WhiteElo "1102"]
[BlackElo "2046"]
[PlyCount "76"]
[EventDate "2002.11.??"]

1. d4 d5 2. h3 Bf5 3. Bf4 e6 4. e3 Nd7 5. a3 c5 6. dxc5 Bxc5 7. Nf3 Ngf6 8. Bd3
Bg6 9. Bxg6 hxg6 10. O-O Nh5 11. Bh2 f5 12. b4 Be7 13. c3 Bf6 14. Qc2 Kf7 15.
Rd1 Rc8 16. Nd4 Ne5 17. Nd2 Nc4 18. Ra2 Bxd4 19. exd4 Nf6 20. Nxc4 Rxc4 21. Rd3
Ne4 22. f3 Ng5 23. Bf4 Nh7 24. b5 g5 25. Be5 Nf6 26. Bxf6 gxf6 27. Kf2 Qb6 28.
a4 e5 29. Rd1 exd4 30. Kf1 dxc3 31. Qxf5 Qe6 32. Qxe6+ Kxe6 33. Rc2 Re8 34. Ke2
Rec8 35. Kd3 Rxa4 36. Rxc3 Rxc3+ 37. Kxc3 Ra2 38. g4 Rh2 0-1

[Event "12sen.WM-H Naumburg"]
[Site "Naumburg/Saale(20.10.-03.11.)"]
[Date "2002.10.23"]
[Round "3"]
[White "Roth, Karl_Heinz"]
[Black "Har_Zahav, Avraham"]
[Result "0-1"]
[WhiteElo "1632"]
[BlackElo "2072"]
[PlyCount "66"]
[EventDate "2002.11.??"]

1. d4 d5 2. c4 dxc4 3. Nc3 a6 4. a4 e6 5. e4 Nc6 6. Nf3 Nf6 7. Bg5 h6 8. Bh4 g5
9. Bg3 Bb4 10. Be5 Nxe5 11. Nxe5 Nxe4 12. Qf3 Nd6 13. Bxc4 Qe7 14. Bd3 Bd7 15.
O-O O-O-O 16. Bxa6 Bxc3 17. bxc3 Rdg8 18. Rfb1 c6 19. Nxc6 Bxc6 20. Qxc6+ Qc7
21. Qxc7+ Kxc7 22. Bd3 Rb8 23. Rb4 Rhc8 24. Rab1 f5 25. f3 b6 26. Kf2 Ra8 27.
Ke2 Ra5 28. Kd2 Re8 29. Bc2 e5 30. Rxb6 Nc4+ 31. Kd3 Nxb6 32. dxe5 Rd5+ 33. Ke2
Rexe5+ 0-1

[Event "12sen.WM-H Naumburg"]
[Site "Naumburg/Saale(20.10.-03.11.)"]
[Date "2002.10.23"]
[Round "3"]
[White "Rubinstein, Mark"]
[Black "Ousatchi, Mark"]
[Result "0-1"]
[WhiteElo "2012"]
[BlackElo "2196"]
[PlyCount "52"]
[EventDate "2002.11.??"]

1. d4 d5 2. c4 e6 3. Nc3 Nf6 4. g3 c5 5. e3 Nc6 6. cxd5 exd5 7. dxc5 Bxc5 8.
Bg2 Be6 9. Nge2 Qd7 10. O-O O-O 11. Nf4 Rad8 12. Nfe2 Rfe8 13. Na4 Bf8 14. b3
Bg4 15. f3 Bf5 16. g4 Bg6 17. h4 Bd6 18. Qd2 Ne5 19. Nb2 d4 20. e4 Bc7 21. Nd3
h6 22. Bb2 Qd6 23. Rac1 Nc4 24. e5 Nxe5 25. Bxd4 Nxd3 26. Qxd3 Bxd3 0-1

[Event "12sen.WM-H Naumburg"]
[Site "Naumburg/Saale(20.10.-03.11.)"]
[Date "2002.10.23"]
[Round "3"]
[White "Rudnik, Heinz"]
[Black "Fischer, Paul[37Hiltr]"]
[Result "1-0"]
[WhiteElo "2068"]
[BlackElo "1766"]
[PlyCount "90"]
[EventDate "2002.11.??"]

1. e4 g6 2. d4 Bg7 3. Nf3 c6 4. Bd3 d5 5. e5 Nh6 6. Bf4 f6 7. Qd2 Nf7 8. Nc3
Bg4 9. Qe3 Bxf3 10. gxf3 fxe5 11. dxe5 d4 12. Qd2 dxc3 13. Qxc3 O-O 14. O-O-O
Qc7 15. Rhe1 Nd7 16. Bc4 Kh8 17. Qd4 Nfxe5 18. Bg3 Qa5 19. Be6 Rad8 20. Qe4
Nxf3 21. Re3 Bh6 22. Bxd7 Qxa2 23. c3 Qa1+ 24. Kc2 Qxd1+ 25. Kxd1 Rxd7+ 26. Rd3
Rfd8 27. Rxd7 Rxd7+ 28. Kc2 Ng5 29. Qg4 Rd5 30. Qc8+ Kg7 31. Qxb7 Nf7 32. Qxe7
Rd2+ 33. Kb3 Rd5 34. Qxa7 Rb5+ 35. Kc2 Bg5 36. Qd7 Rd5 37. Qxc6 Rd2+ 38. Kb3
Nd8 39. Qc7+ Kh6 40. Be5 Ne6 41. Qf7 Nc5+ 42. Kc4 Na4 43. Qf8+ Kh5 44. Qf3+ Kh4
45. Qg3+ Kh5 1-0

[Event "12sen.WM-H Naumburg"]
[Site "Naumburg/Saale(20.10.-03.11.)"]
[Date "2002.10.23"]
[Round "3"]
[White "Scheide, Helmut"]
[Black "Stock, Hugo"]
[Result "1-0"]
[WhiteElo "2014"]
[BlackElo "1684"]
[PlyCount "55"]
[EventDate "2002.11.??"]

1. d4 Nf6 2. c4 e6 3. Nc3 d5 4. e3 Be7 5. Nf3 Nbd7 6. Bd3 O-O 7. O-O c5 8. Re1
Re8 9. b3 b6 10. Ne5 Bb7 11. cxd5 Nxd5 12. Nxd5 exd5 13. Bb5 Bc8 14. Bc6 Rb8
15. Bxd5 Nxe5 16. dxe5 Qc7 17. Bb2 Bb7 18. e4 Rbd8 19. Qf3 Bf8 20. Rad1 Bc8 21.
Qg3 Be6 22. f4 Bxd5 23. exd5 c4 24. d6 Qc6 25. f5 Bxd6 26. exd6 Rxe1+ 27. Rxe1
f6 28. Bxf6 1-0

[Event "12sen.WM-H Naumburg"]
[Site "Naumburg/Saale(20.10.-03.11.)"]
[Date "2002.10.23"]
[Round "3"]
[White "Schlag, Franz"]
[Black "Rosen, Willy"]
[Result "1/2-1/2"]
[WhiteElo "2155"]
[BlackElo "2336"]
[PlyCount "37"]
[EventDate "2002.11.??"]

1. Nc3 c5 2. Nf3 Nc6 3. d3 g6 4. g3 Bg7 5. Bg2 d6 6. O-O e6 7. Bg5 f6 8. Bd2
Nge7 9. Qc1 h5 10. Ne4 e5 11. a3 Be6 12. b4 b6 13. bxc5 bxc5 14. Rb1 O-O 15.
Bh6 Qd7 16. c4 Nf5 17. Bxg7 Kxg7 18. Qd2 Rab8 19. Nc3 1/2-1/2

[Event "12sen.WM-H Naumburg"]
[Site "Naumburg/Saale(20.10.-03.11.)"]
[Date "2002.10.23"]
[Round "3"]
[White "Schneider, Siegfried[42Wilk]"]
[Black "Klebaner, Yakov"]
[Result "1/2-1/2"]
[WhiteElo "1676"]
[BlackElo "2041"]
[PlyCount "50"]
[EventDate "2002.11.??"]

1. e4 c5 2. Nf3 a6 3. d4 cxd4 4. Nxd4 Nf6 5. Nc3 e5 6. Nf3 Bb4 7. Bd3 d5 8. Nd2
Bxc3 9. bxc3 O-O 10. O-O Qc7 11. Bb2 Bg4 12. Qe1 dxe4 13. Nxe4 Nbd7 14. c4 Rfe8
15. h3 Bh5 16. Qe3 Nxe4 17. Qxe4 Bg6 18. Qe3 f5 19. f4 e4 20. Be2 Rac8 21. Rad1
Nf8 22. Be5 Qc5 23. Bd4 Qa5 24. Qb3 Rc7 25. Be5 Qc5+ 1/2-1/2

[Event "12sen.WM-H Naumburg"]
[Site "Naumburg/Saale(20.10.-03.11.)"]
[Date "2002.10.23"]
[Round "3"]
[White "Schneiderheinze, Roland"]
[Black "Hamm, Georg"]
[Result "0-1"]
[WhiteElo "1754"]
[BlackElo "2078"]
[PlyCount "56"]
[EventDate "2002.11.??"]

1. d4 Nf6 2. c4 c5 3. d5 g6 4. Nf3 Bg7 5. Nc3 O-O 6. e4 d6 7. h3 Na6 8. a3 Nc7
9. Bd3 Rb8 10. O-O a6 11. a4 b6 12. Re1 Bd7 13. e5 Nfe8 14. Bf4 b5 15. axb5
axb5 16. exd6 Nxd6 17. Ne5 bxc4 18. Nxd7 Qxd7 19. Bxd6 exd6 20. Bxc4 Rxb2 21.
Rc1 Qf5 22. Ne2 Rfb8 23. Rf1 R8b4 24. Ng3 Qf4 25. Qd3 Rxf2 26. Rce1 Bd4 27. Kh1
Rbb2 28. Ne2 Rbxe2 0-1

[Event "12sen.WM-H Naumburg"]
[Site "Naumburg/Saale(20.10.-03.11.)"]
[Date "2002.10.23"]
[Round "3"]
[White "Schober, Manfred"]
[Black "Kuhnert, Werner"]
[Result "1-0"]
[WhiteElo "2047"]
[BlackElo "1217"]
[PlyCount "63"]
[EventDate "2002.11.??"]

1. e4 e6 2. d4 d5 3. Nd2 Ne7 4. Bd3 Nbc6 5. c3 e5 6. exd5 Nxd5 7. Qe2 Nf4 8.
Qe4 Nxd3+ 9. Qxd3 exd4 10. Ne2 dxc3 11. Qxc3 Be6 12. O-O Qd6 13. Nf3 Qb4 14.
Qc2 Qc5 15. Nc3 O-O-O 16. Be3 Qf5 17. Qa4 Qa5 18. Qxa5 Nxa5 19. Rac1 a6 20. Nd4
Nc4 21. Nxe6 fxe6 22. Bg5 Rd7 23. Na4 b5 24. b3 bxa4 25. Rxc4 a3 26. Bf4 Be7
27. Rfc1 Bd8 28. Rc6 Kb7 29. Rxe6 Rd4 30. Be3 Rd6 31. Re4 Rc6 32. Rb4+ 1-0

[Event "12sen.WM-H Naumburg"]
[Site "Naumburg/Saale(20.10.-03.11.)"]
[Date "2002.10.23"]
[Round "3"]
[White "Schuler, Georg"]
[Black "Polk, Maria"]
[Result "1-0"]
[WhiteElo "2148"]
[BlackElo "1233"]
[PlyCount "67"]
[EventDate "2002.11.??"]

1. c4 c5 2. Nc3 e6 3. g3 Nc6 4. Bg2 Nf6 5. e4 a6 6. Nge2 Be7 7. O-O O-O 8. d4
cxd4 9. Nxd4 Nxd4 10. Qxd4 d6 11. b3 e5 12. Qd3 Be6 13. a4 Rc8 14. Ba3 Rc7 15.
Rad1 Nd7 16. Bxd6 Bxd6 17. Qxd6 Re8 18. Qa3 Qc8 19. Rd6 Rc6 20. Rfd1 Rxd6 21.
Qxd6 Rd8 22. Nd5 Bxd5 23. Rxd5 f6 24. Bh3 Qc6 25. Be6+ Kh8 26. Qxc6 bxc6 27.
Rxd7 Rb8 28. c5 h6 29. Bc4 Rf8 30. Bxa6 Ra8 31. Bc4 Ra5 32. h4 h5 33. Bf7 Rxc5
34. Bg6 1-0

[Event "12sen.WM-H Naumburg"]
[Site "Naumburg/Saale(20.10.-03.11.)"]
[Date "2002.10.23"]
[Round "3"]
[White "Schumacher, Ursula"]
[Black "Thuma, Horst"]
[Result "0-1"]
[WhiteElo "1528"]
[BlackElo "1678"]
[PlyCount "100"]
[EventDate "2002.11.??"]

1. c4 e5 2. Nc3 Nf6 3. Nf3 Nc6 4. g3 Be7 5. Bg2 O-O 6. O-O d6 7. a3 Be6 8. b3
h6 9. Bb2 Qd7 10. Re1 e4 11. Nxe4 Nxe4 12. d4 Bf5 13. h4 Rad8 14. Qc1 Qc8 15.
b4 Nb8 16. Qf4 Nf6 17. e4 Bh3 18. Bh1 Nh5 19. Qe3 Qg4 20. Nh2 Qg6 21. Nf3 Nd7
22. Nd2 Nb6 23. Rac1 Be6 24. d5 Bc8 25. Bf3 Nf6 26. Qe2 Bg4 27. e5 dxe5 28.
Bxe5 Bxf3 29. Nxf3 Ng4 30. Kg2 Bd6 31. Qd2 Nxe5 32. Nxe5 Bxe5 33. Rxe5 Rfe8 34.
Qe2 Rxe5 35. Qxe5 Qd6 36. Qe4 Nc8 37. Qe3 Qe7 38. Qc3 Re8 39. Qd3 Qe4+ 40. Qxe4
Rxe4 41. Kf3 f5 42. Rc2 Kf7 43. c5 g5 44. h5 g4+ 45. Kg2 Kf6 46. Rc1 Kg5 47.
Rd1 Re8 48. d6 cxd6 49. cxd6 Rd8 50. d7 Nb6 0-1

[Event "12sen.WM-H Naumburg"]
[Site "Naumburg/Saale(20.10.-03.11.)"]
[Date "2002.10.23"]
[Round "3"]
[White "Schwertel, Johann"]
[Black "Koerver, Erich"]
[Result "1-0"]
[WhiteElo "2061"]
[BlackElo "1723"]
[PlyCount "80"]
[EventDate "2002.11.??"]

1. d4 d5 2. Nf3 e6 3. Bf4 Nf6 4. e3 Bd6 5. Bg3 Be7 6. c3 O-O 7. Nbd2 a5 8. Bd3
Nh5 9. h4 f5 10. Qe2 h6 11. Bf4 Nxf4 12. exf4 Bd6 13. Ne5 Bxe5 14. Qxe5 Qd6 15.
Qe3 Nd7 16. Nf3 Nf6 17. Ne5 Ng4 18. Nxg4 fxg4 19. g3 Rf6 20. O-O-O h5 21. Rhe1
Bd7 22. f3 gxf3 23. Qxf3 g6 24. Re5 Kf7 25. Qe2 Rf8 26. Re1 Ke7 27. Rg5 Be8 28.
Qc2 Rg8 29. f5 Kd8 30. Re5 exf5 31. Bxf5 c6 32. Qe2 Qf8 33. Bd3 Qf7 34. Re3 Rf8
35. Rge5 Qg8 36. Re7 Rf2 37. Rxe8+ Kc7 38. Qxf2 Rxe8 39. Rxe8 Qxe8 40. Qf4+ Kb6
1-0

[Event "12sen.WM-H Naumburg"]
[Site "Naumburg/Saale(20.10.-03.11.)"]
[Date "2002.10.23"]
[Round "3"]
[White "Semasev, Kim"]
[Black "Donchenko, Anatoli"]
[Result "0-1"]
[WhiteElo "2274"]
[BlackElo "2448"]
[PlyCount "70"]
[EventDate "2002.11.??"]

1. e4 c5 2. Nf3 d6 3. d4 cxd4 4. Nxd4 Nf6 5. Nc3 a6 6. a4 Qc7 7. Be2 e6 8. O-O
b6 9. f4 Bb7 10. Bf3 h5 11. Kh1 Nbd7 12. Qe2 Be7 13. Be3 g6 14. Bg1 Rc8 15. e5
dxe5 16. fxe5 Ng4 17. Bxb7 Qxb7 18. Nf3 O-O 19. Rad1 Rfd8 20. Rd4 Nh6 21. Rf4
Nf5 22. Nd4 Nf8 23. Nf3 Nh7 24. Rc4 Rxc4 25. Qxc4 Nf8 26. Qb3 Rb8 27. Rd1 b5
28. axb5 axb5 29. Ne2 Nd7 30. Ned4 Nc5 31. Qc3 Rd8 32. Qe1 Rc8 33. b4 Ne4 34.
Nxb5 Rxc2 35. Nbd4 Neg3+ 0-1

[Event "12sen.WM-H Naumburg"]
[Site "Naumburg/Saale(20.10.-03.11.)"]
[Date "2002.10.23"]
[Round "3"]
[White "Shlakman, Itzhak"]
[Black "Littlewood, John_E"]
[Result "1/2-1/2"]
[WhiteElo "2127"]
[BlackElo "2292"]
[PlyCount "33"]
[EventDate "2002.11.??"]

1. d4 Nf6 2. c4 g6 3. Nc3 Bg7 4. e4 d6 5. Nf3 O-O 6. h3 e5 7. dxe5 dxe5 8. Qxd8
Rxd8 9. Nd5 Nxd5 10. cxd5 c6 11. Bc4 b5 12. Bb3 Bb7 13. Bg5 Re8 14. Rc1 a5 15.
a3 a4 16. Ba2 b4 17. axb4 1/2-1/2

[Event "12sen.WM-H Naumburg"]
[Site "Naumburg/Saale(20.10.-03.11.)"]
[Date "2002.10.23"]
[Round "3"]
[White "Simon, Eberhard"]
[Black "Malin, Klaus"]
[Result "1-0"]
[WhiteElo "1819"]
[BlackElo "1612"]
[PlyCount "81"]
[EventDate "2002.11.??"]

1. e4 e5 2. Nf3 Nc6 3. Bb5 a6 4. Ba4 Nf6 5. O-O b5 6. Bb3 Be7 7. Re1 O-O 8. c3
h6 9. d4 d6 10. h3 Bb7 11. Nbd2 Nh7 12. Nf1 Bg5 13. Nxg5 Nxg5 14. Ng3 Kh8 15.
Nf5 Na5 16. Bc2 Nc6 17. d5 Nb8 18. f4 Nh7 19. fxe5 dxe5 20. Qg4 Qf6 21. Rf1 Bc8
22. Qg3 Bxf5 23. Rxf5 Qd6 24. Qxe5 Qb6+ 25. Kh1 Nd7 26. Qg3 Rae8 27. Bf4 Rc8
28. e5 Qg6 29. Qf2 Qb6 30. Be3 Qb7 31. Rd1 Rce8 32. Rxf7 Rxe5 33. Bxh7 Rxf7 34.
Qxf7 Kxh7 35. Bf4 Qc8 36. Bxe5 Nxe5 37. Qe6 Nd7 38. Rf1 Qd8 39. Rf7 Nf6 40. Qe7
Qg8 41. Qxf6 1-0

[Event "12sen.WM-H Naumburg"]
[Site "Naumburg/Saale(20.10.-03.11.)"]
[Date "2002.10.23"]
[Round "3"]
[White "Skjoenberg, Sverre"]
[Black "Rueggeberg, Wilhelm"]
[Result "1/2-1/2"]
[WhiteElo "1544"]
[BlackElo "1814"]
[PlyCount "100"]
[EventDate "2002.11.??"]

1. c4 e5 2. Nc3 c6 3. Nf3 d6 4. g3 Nf6 5. d3 Bg4 6. Bg2 Be7 7. O-O Qd7 8. Re1
Na6 9. a3 O-O 10. Qc2 h6 11. b4 Nc7 12. Bd2 Rac8 13. e4 Be6 14. Rab1 a6 15. Na4
Na8 16. Nc3 Rfd8 17. Rec1 Qc7 18. Be3 b5 19. Qe2 Qd7 20. Rc2 Ng4 21. Rcc1 bxc4
22. dxc4 Nxe3 23. fxe3 Qa7 24. Rd1 Nb6 25. Nd2 Nd7 26. Nf3 Bg4 27. Rf1 Nf6 28.
h3 Be6 29. Kh2 Rb8 30. Rbc1 g5 31. g4 Kg7 32. Qd3 Kg6 33. Ne2 h5 34. gxh5+ Nxh5
35. Ng3 Rh8 36. Nf5 Bxf5 37. exf5+ Kh6 38. Qe4 Qc7 39. Rfe1 Nf6 40. Qd3 e4 41.
Qe2 exf3 42. Bxf3 d5+ 43. Kg2 Qe5 44. Red1 Ne4 45. Bxe4 Qxe4+ 46. Kg1 Qxf5 47.
cxd5 cxd5 48. Qxa6+ f6 49. Rc7 Qe5 50. Qa7 Qg3+ 1/2-1/2

[Event "12sen.WM-H Naumburg"]
[Site "Naumburg/Saale(20.10.-03.11.)"]
[Date "2002.10.23"]
[Round "3"]
[White "Smits, Oswald"]
[Black "Wunderer, Eckart"]
[Result "0-1"]
[WhiteElo "1619"]
[BlackElo "2206"]
[PlyCount "84"]
[EventDate "2002.11.??"]

1. Nf3 d6 2. d4 Nf6 3. g3 g6 4. Bg2 Bg7 5. O-O O-O 6. c4 Nbd7 7. b3 e5 8. Bb2
e4 9. Nfd2 e3 10. fxe3 Ng4 11. Rf3 Bh6 12. Nf1 Qe7 13. e4 Qxe4 14. Nbd2 Qe7 15.
e4 Bg7 16. Rf4 Ndf6 17. h3 Nh6 18. Ne3 Nh5 19. Rf3 f5 20. Nd5 Qd8 21. e5 dxe5
22. dxe5 c6 23. Nf4 Nxf4 24. Rxf4 Be6 25. Qe2 Qc7 26. Nf3 Nf7 27. Re1 c5 28.
Nh2 Rad8 29. g4 Bh6 30. Rff1 Rd2 31. Qf3 Rxb2 32. gxf5 gxf5 33. Qc3 Rxa2 34.
Bd5 Qe7 35. Kh1 Kh8 36. Rg1 Ng5 37. Bg2 Ne4 38. Bxe4 fxe4 39. Rxe4 Rff2 40. Nf3
Qf7 41. Rg3 Rf1+ 42. Ng1 Qf2 0-1